| 000 -CABECERA |
| Longitud fija campo de control |
00767nam a22002054a 4500 |
| 008 - CÓDIGOS DE INFORMACIÓN DE LONGITUD FIJA |
| Códigos de información de longitud fija |
870302s1971 spc 000 e spa|| |
| 035 ## - NÚMERO DE CONTROL DEL SISTEMA |
| Número de control del sistema |
0022-38860 |
| -- |
ES-BaSLP035 |
| 040 ## - FUENTE DE LA CATALOGACIÓN |
| Centro catalogador de origen |
ES-BaSLP |
| Lengua de catalogación |
cat |
| Centro transcriptor |
ES-BaSLP |
| 080 ## - NÚMERO DE LA CLASIFICACIÓN DECIMAL UNIVERSAL |
| Número de la Clasificación Decimal Universal |
659(04) |
| 100 1# - PUNTO DE ACCESO PRINCIPAL-NOMBRE DE PERSONA |
| Nombre de persona |
Vázquez Montalbán, Manuel |
| 245 10 - MENCIÓN DE TÍTULO |
| Título |
Informe sobre la información / |
| Mención de responsabilidad, etc. |
Manuel Vázquez Montalbán ; prólogos de Pedro Altares y Antonio Jutglar. |
| 250 ## - MENCIÓN DE EDICIÓN |
| Mención de edición |
2a ed. ampliada. |
| 260 ## - PUBLICACIÓN, DISTRIBUCIÓN, ETC. (PIE DE IMPRENTA) |
| Lugar de publicación, distribución, etc. |
Barcelona : |
| Nombre del editor, distribuidor, etc. |
Fontanella, |
| Fecha de publicación, distribución, etc. |
1971. |
| 300 ## - DESCRIPCIÓN FÍSICA |
| Extensión |
279 p. ; |
| Dimensiones |
19 cm. |
| 490 1# - MENCIÓN DE SERIE |
| Mención de serie |
Colección de base Fontanella |
| 490 1# - MENCIÓN DE SERIE |
| Mención de serie |
Ediciones de bolsillo / Fontanella ; |
| Designación de volumen o secuencia |
124 |
| 650 #4 - PUNTO DE ACCESO ADICIONAL DE MATERIA - TÉRMINO DE MATERIA |
| Término de materia o nombre geográfico como elemento inicial |
Informació pública |
| Subdivisión de materia general |
Assaigs, conferències, etc. |
| 830 #0 - PUNTO DE ACCESO ADICIONAL DE SERIE - TÍTULO UNIFORME |
| Título uniforme |
Ediciones de bolsillo (Fontanella) ; |
| Designación de volumen o secuencia |
124 |
| 830 #0 - PUNTO DE ACCESO ADICIONAL DE SERIE - TÍTULO UNIFORME |
| Título uniforme |
Colección de base Fontanella |